|
|
|
|
| LEADER |
00000nam2a2200000 4500 |
| 001 |
277655 |
| 005 |
20231031231525.0 |
| 020 |
|
|
|a RU
|b 85-105760
|
| 035 |
|
|
|a (RuTPU)RU\TPU\book\300931
|
| 035 |
|
|
|a RU\TPU\book\298717
|
| 090 |
|
|
|a 277655
|
| 100 |
|
|
|a 20141205d1985 k y0rusy5003 ca
|
| 101 |
0 |
|
|a rus
|
| 102 |
|
|
|a RU
|
| 105 |
|
|
|a a z 001zy
|
| 200 |
0 |
|
|a Т. 2
|f под ред. П. П. Севостьянова
|
| 210 |
|
|
|d 1985
|
| 215 |
|
|
|a 528 с.
|c ил.
|
| 320 |
|
|
|a Список сокращений: с. 520-522
|
| 461 |
|
1 |
|0 (RuTPU)RU\TPU\book\323680
|t Борьба СССР за мирное использование космоса
|o документы и материалы
|o в 2 т.
|f СССР, Министерство иностранных дел
|v Т. 2
|d 1985-
|
| 606 |
1 |
|
|a Военно-политические процессы
|2 stltpush
|3 (RuTPU)RU\TPU\subj\70529
|
| 606 |
|
|
|a Внешняя политика
|x Международные отношения
|y СССР
|z 20в
|x история
|2 stltpush
|3 (RuTPU)RU\TPU\subj\75335
|
| 610 |
1 |
|
|a космическое пространство
|
| 610 |
1 |
|
|a исследования
|
| 610 |
1 |
|
|a история
|
| 610 |
1 |
|
|a конвенции
|
| 610 |
1 |
|
|a мирные цели
|
| 610 |
1 |
|
|a использование
|
| 610 |
1 |
|
|a документы
|
| 610 |
1 |
|
|a материалы
|
| 610 |
1 |
|
|a договоры
|
| 610 |
1 |
|
|a соглашения
|
| 686 |
|
|
|a Ф4(2)3
|v LBC/SL-A
|2 rubbk
|
| 686 |
|
|
|a Ф4(2)г
|v LBC/SL-A
|2 rubbk
|
| 702 |
|
1 |
|a Севостьянов
|b П. П.
|4 340
|
| 801 |
|
0 |
|a RU
|b RuMRKP
|c 19950704
|g psbo
|
| 801 |
|
1 |
|a RU
|b 63413507
|c 20141114
|
| 801 |
|
2 |
|a RU
|b 63413507
|c 20171221
|g RCR
|
| 942 |
|
|
|c BK
|